LEADER 01026nam a2200265 i 4500 001 000000140690 003 CaOOAMICUS 005 20050624000000.0 008 050624s1989 it u000 u ita u 013 $a114891 020 $a88-420-3338-3 040 $aSeMil$bita 100 1 $aFiori, Giuseppe <1923->.$0(OLS)http://semarc/name/31191 245 10$aVita di Enrico Berlinguer /$cGiuseppe Fiori. 260 $aRoma ; Bari :$bLaterza,$c1989. 300 $a532 p. ;$c22 cm. 490 0 $aStoria e società 600 14$aBerlinguer, Enrico <1922-1984>.$0(OLS)http://semarc/subject/27691 830 0$aStoria e società.$0(OLS)http://semarc/title/2818 850 $aSeMil 852 $aSeMil$W1$xVenegono$y1$m3N II 458$j94006$B94006$CSeMilBibl$Z2$F99466 $81 961 $aOmaggio: Colombo Card. Giovanni 996 $6020$a88-420-3338-3$9(OLS)http://semarc/number/128830 996 $6245$aVita di Enrico Berlinguer$9(OLS)http://semarc/title/205562 996 $6260$aRoma ; Bari :$bLaterza$9(OLS)http://semarc/publisher/30305 LEADER 01142nam a2200301 i 4500 001 000000176160 003 CaOOAMICUS 005 20181023110420.0 008 081127s1991 it u000 u ita u 013 $a153646 020 $a88-10-50717-7 040 $aSeMil$bita 240 13$aLa mystique.$0(OLS)http://semarc/title/252771 245 13$aLa mistica /$ca cura di Jean-Marie Van Cangh. 260 $aBologna :$bEDB,$cc1991 (stampa 1992) 300 $a256 p. ;$c21 cm. 490 0 $aCammini dello Spirito [EDB] 500 $aDono di Don Romano Martinelli. 650 4$aMistica.$0(OLS)http://semarc/subject/1496 700 1 $aCangh, Jean-Marie : van.$0(OLS)http://semarc/name/32621 830 0$aCammini dello Spirito.$0(OLS)http://semarc/title/419422 850 $aSeMil 852 $aSeMil$W1$xVenegono$y1$m2C III 554$j126982$B126982$CSeMilBibl$Z2$F138784 $81 961 $aOmaggio: Martinelli don Romano 996 $6020$a88-10-50717-7$9(OLS)http://semarc/number/164614 996 $6245$aLa mistica$9(OLS)http://semarc/title/252770 996 $6260$aBologna :$bEDB$9(OLS)http://semarc/publisher/29669